| 000 | 00386nam a22001097a 4500 | ||
|---|---|---|---|
| 008 | 150619t xxu||||| |||| 00| 0 eng d | ||
| 100 |
_aSabahat Hamid-sup-Dr. Peter John _91003 |
||
| 245 |
_aTH-BS-Study of adiponectin gene polymorphism in association with type 2 diabetes and coronary artery disease patients _hThesis |
||
| 260 |
_aNUST ISLAMABAD _bASAB NUST |
||
| 300 | _a82 | ||
| 942 |
_2ddc _cCR |
||
| 999 |
_c17272 _d17272 |
||